| 000 | 00840cam a2200253 a 4500 | ||
|---|---|---|---|
| 001 | 211 | ||
| 003 | BR-CuiBMT | ||
| 005 | 20231114024518.0 | ||
| 008 | 230830s2019 mgb 000 0 por d | ||
| 020 | _a9788545005933 | ||
| 040 |
_aBR-CuiBMT _cBR-CuiBMT |
||
| 080 |
_22007 _a347.51:35 _x(469) |
||
| 090 |
_a347.51:35(469) _bC227r _c2. ed. |
||
| 100 | 1 |
_aCanotilho, J. J. Gomes _q(José Joaquim Gomes), _d1941- |
|
| 245 | 1 | 2 |
_aA responsabilidade do estado por actos líctos / _cJosé Joaquim Gomes Canotilho. |
| 250 | _a2. ed., rev. e ampl. | ||
| 260 |
_aBelo Horizonte : _bFórum, _c2019. |
||
| 300 |
_a209 p. ; _c24 cm |
||
| 504 | _aInclui bibliografia. | ||
| 650 |
_a Responsabilidade do Estado _zPortugal |
||
| 650 |
_aResponsabilidade civil do Estado _zPortugal |
||
| 650 |
_aResponsabilidade administrativa _zPortugal |
||
| 942 |
_2udc _cLV |
||
| 999 |
_c211 _d211 |
||